MARC

LEADER 00000nam0a2200000 4500
001 187142
005 20231031173916.0
010 |a 9780470871713 
035 |a (RuTPU)RU\TPU\book\203066 
090 |a 187142 
100 |a 20101111d2007 k y0engy50 ba 
101 0 |a eng 
102 |a GB 
105 |a a z 001zy 
200 1 |a The Chemistry of Anilines  |h  Part 1  |f edited by Z. Rappoport 
210 |a Chichester  |c John Wiley & Sons, Ltd.  |d 2007 
215 |a 581 p.  |c il. 
225 1 |a The Chemistry of Functional Groups 
320 |a References: p. 577-581. 
606 1 |a Анилин  |2 stltpush  |3 (RuTPU)RU\TPU\subj\29095 
610 1 |a химия 
610 1 |a органическая химия 
610 1 |a функциональные группы 
610 1 |a анилиновый ряд 
610 1 |a анилины 
610 1 |a свойства 
610 1 |a структура 
610 1 |a исследования 
610 1 |a английский язык 
675 |a 547.55  |v 3 
702 1 |a Rappoport  |b Z.  |g Zvi  |4 340 
801 1 |a RU  |b 63413507  |c 20101111 
801 2 |a RU  |b 63413507  |c 20110530  |g RCR 
942 |c BK 
959 |a 84/20101111  |d 1  |e 0  |f ЧЗИЛ:1